000 01087nam0a22002771 4500
001 rc\2830254
005 20110624223815.3
035 _a(NLR Aleph) 006988237
090 _a5600528
_c5600528
100 _a20110624d1929 |||y0rusy50 ca
101 0 _arus
102 _aRU
105 _ay j |||||
200 1 _aРусский язык
_eПособие для взрослых по грамматике и правописанию
_fА.М. Земский и С.Е. Крючков
_gПод ред. проф. Д.Н. Ушакова
205 _a4-е изд., доп.
210 _aМосква
_aЛенинград
_cГос. изд-во
_d1929
_eМосква
_g1-я Образцовая тип.
215 _a285 с., [2] с. объявл.
_d24×16 см
700 1 _aЗемский
_bА. М.
_f1892-1946
_gАндрей Михайлович
701 1 _aКрючков
_bС. Е.
_gСергей Ефимович
702 1 _aУшаков
_bД. Н.
_4340
801 0 _aRU
_bNLR
_gpsbo
801 1 _aRU
_bELAR
_2rusmarc
852 _aNLR
_j51/561
852 _aNLR
_j108/30
942 _cBOOK
980 _aNB